Most Google Searches 2017 Quiz Stats

 Plays Quiz not verified by Sporcle

Support Sporcle.
Go Orange.
Score 0/75 Timer 10:00
0 Plays Today
Google Category Hint Info % Correct
Movies/: Clown-o-phobiaIT
63.6%
Cryptocurrency and worldwide payment system Bitcoin
54.5%
Super WomanWonder Woman
54.5%
TV Shows/: Things getting StrangerStranger Things
54.5%
Search Engines and Websites/: Watching your Favorite VideosYoutube
54.5%
American Beauty, The Usual SuspectsKevin Spacey
45.5%
Baby, you look _____ TonightPerfect
45.5%
Wife of the president of the YanksMelania Trump
36.4%
Northern Democratic People's Republic North Korea
36.4%
A Poker Face for Bad RomanceLady Gaga
36.4%
Can't find this social media in the libraryFacebook
36.4%
Order up in the rainforestAmazon
36.4%
Email on GoogleG-Mail
36.4%
Sell your things...online!E-bay
36.4%
People/: fired following sexual inappropriate behavior Matt Lauer
27.3%
Got Tulip Fever with Gangs of New York Harvey Weinstein
27.3%
Foreign DC Superheroine Gal Gadot
27.3%
Global Sporting Events/: Hitting balls with racket EventWimbledon
27.3%
The NFL go SuperSuper Bowl
27.3%
Musicians or Bands/: From Nickelodeon to MusicAriana Grande
27.3%
They're Numb in the EndLinkin Park
27.3%
All I want for Christmas is...TO COMPLETE THIS QUIZ COMPLETELYMariah Carey
27.3%
Darling, I've been Thinkin Out LoudEd Sheeran
27.3%
Songs/: Most Views on Youtube EVERDespacito
27.3%
3.2 Billion Views on Youtube-Ed SheeranShape of You
27.3%
Taylor Just Made Us Do SomethingLook What you Made me do
27.3%
Kings and queens, Dwarves and Dragons, liars and honest men Game of Thrones
27.3%
Global News/: Catastrophic World Disaster Hurricane Irma
18.2%
Actors/: Rachel in Suits Meghan Markle
18.2%
May for Minister UK election
18.2%
How to make 2017's biggest toyHow to make a fidget spinner
18.2%
Losses (Deaths)/: Won't Back Down when he's Free FallingTom Petty
18.2%
Founder of modern magazinesHugh Hefner
18.2%
Memes/: Dr. Phil was surprised by this Bhad girlCash me Outside
18.2%
AKA Princess and the MonsterBeauty and the Beast
18.2%
Minced Meat from a cowGround Beef
18.2%
Suicide Story (how many reasons?)13 Reasons Why
18.2%
Shooting in the US Las Vegas Shooting
9.1%
Google Category Hint Info % Correct
Young Marvel SuperheroTom Holland
9.1%
Consumer/: The 8th of the BestiPhone 8
9.1%
The 10th of the bestiPhone X
9.1%
Mario vs Zelda consoleNintendo Switch
9.1%
Elections/: #Macron won French election
9.1%
Biking is HikingTour de France
9.1%
Leader of Linkin' Park and Dead by SunriseChester Bennington
9.1%
The Wolf SuperheroLogan
9.1%
The League of DCJustice League
9.1%
Capital of a South American CountryHavana
9.1%
Danny Rand survived that plane crash...Iron Fist
9.1%
Stories on enviromental impacts on nuclear testingNadia Toffa
0%
Moon vs Earth and Sun Solar Eclipse
0%
Loiue is hilariousLoius C.K.
0%
Pennywise is hereBill Skarsgård
0%
The Galaxy's 8th Super Smartest DeviceSamsung Galaxy S8
0%
Cross + Box = One + 10XBox One X
0%
Bundestag by Hitler German federal election
0%
India's state election Uttar Pradesh election
0%
US state election or former Soviet republic in EurasiaGeorgia special election
0%
Boxer vs Martail Artist: US vs IrishMayweather vs McGregor Fight
0%
The MJB show the WorldWorld Series
0%
How to/: How to make homemade goop How to make Slime
0%
How to make glasses for Moon vs Earth and SunHow to make Solar Eclipse Glasses
0%
How to buy online money trading site?How to buy Bitcoin
0%
How to watch Boxer vs Martail Artist: US vs IrishHow to watch Mayweather vs McGregor
0%
You Know his Name Like a StoneChris Cornell
0%
Training Day for TitanicBill Paxton
0%
Get off your airline seat!United Airlines
0%
Fox in a hat; confused or angry memeWhat in Tarnation
0%
Shrek on the Deck, Ash in the Trash... (small dude on the rack)Elf on the Shelf
0%
Teasing a Cartoon CharacterMocking Spongebob
0%
Recipes/: White meat, relativaly dry, comes from farm creatureChicken Breast
0%
Pain Perdu recipeFrench Toast
0%
Turkish cake recipe Kek tarifi
0%
Turkish bread recipe similar to focaccia Poğaça tarifi
0%
Brazilian reality showBig Brother Brasil
0%

You're not logged in!

Compare scores with friends on all Sporcle quizzes.
OR
Log In

From the Vault

Most Populous Cities (US)

by DanW

Two's company, three million's a crowd.
Remove Ads.
Support Sporcle.
Get the best of Sporcle when you Go Orange. This ad-free experience offers more features, more stats, and more fun while also helping to support Sporcle. Thank you for becoming a member.

Show Comments

Extras

Created Feb 18, 2018ReportNominate
Tags:2017, Category, google, search

Top Quizzes Today


Score Distribution

Your Account Isn't Verified!

In order to create a playlist on Sporcle, you need to verify the email address you used during registration. Go to your Sporcle Settings to finish the process.

Report this User

Report this user for behavior that violates our Community Guidelines.

Details: